banner koha

Aspectos teoricos e praticos sobre trabalho rural (Lei 5889 de 8/6/1973)[Brasil] (Registro n. 35325)

MARC details
000 -LÍDER
campo de controle de tamanho fixo 00717nam a22002657a 4500
001 - NÚMERO DE CONTROLE
campo de controle BR8304890
003 - IDENTIFICADOR DO NÚMERO DE CONTROLE
campo de controle BR-BrBNA
005 - DATA E HORÁRIO DA ÚLTIMA TRANSAÇÃO
campo de controle 20230928091741.0
007 - CAMPO FIXO DE DESCRIÇÃO FÍSICA--INFORMAÇÃO GERAL
campo de controle de tamanho fixo ta
008 - CAMPO DE DADOS FIXOS--INFORMAÇÃO GERAL
campo de controle de tamanho fixo 230509b bl.||||| |||| 00| 0 por d
040 ## - FONTE DA CATALOGAÇÃO
Instituição da catalogação original BR-BrBNA
Idioma da catalogação por
Instituição que transcreveu o registro Biblioteca Nacional de Agricultura
041 ## - CÓDIGO DE IDIOMA
Código do idioma do texto/trilha sonora ou título diferente (Por)
072 ## - CÓDIGO DE CATEGORIA DE ASSUNTO
Código de Categoria de Assunto D50; E50
Código do objeto /G514
090 ## - NÚMERO DE CHAMADA LOCAL
-- D50 BR8304890
100 1# - ENTRADA PRINCIPAL--NOME PESSOAL
Nome pessoal Pires, A.
245 1# - TÍTULO
Título Aspectos teoricos e praticos sobre trabalho rural (Lei 5889 de 8/6/1973)[Brasil]
Restante do título 2. ed.
260 3# - PUBLICAÇÃO, DISTRIBUIÇÃO, ETC.
Local de publicação, distribuição, etc. Salvador, BA (Brasil):
Data da publicação, distribuição, etc. 1983.
300 ## - DESCRIÇÃO FÍSICA
Extensão 160 p.
500 ## - NOTA GERAL
Nota geral 13 ref.
650 ## - ASSUNTO--TERMO TÓPICO
Cabeçalho tópico ou nome geográfico TRABALHO
650 ## - ASSUNTO--TERMO TÓPICO
Cabeçalho tópico ou nome geográfico TRABALHADOR RURAL
650 ## - ASSUNTO--TERMO TÓPICO
Cabeçalho tópico ou nome geográfico LEGISLACAO
909 ## -
-- 202309
-- Lucia
-- 55
-- Lucia Elande
942 ## - ELEMENTOS DE ENTRADA ADICIONADOS (KOHA)
Tipo de material Koha Livros
Exemplares
Situação do descarte Fonte da classificação ou esquema de arquivamento na estante Situação física Não pode ser emprestado Coleção Biblioteca de origem Biblioteca atual Total de empréstimos Número de telefone completo Código de barras Data de último acesso Número do exemplar Tipo de material Koha Situação das perdas Data de aquisição Fonte de aquisição
  Classificação AGRIS       Biblioteca Nacional de Agricultura - Binagri Biblioteca Nacional de Agricultura - Binagri   D50 BR8304890 D50 BR8304890 25/09/2023 01 Livros   2023-09-25 Portaria Interministerial nº 164/94

BINAGRI

Telefone: (61)3218-2567/2388/3357/2097 - binagri@agro.gov.br

Ministério da Agricultura e Pecuária , Esplanada dos Ministérios, Bloco D, Anexo B, Brasília/DF, CEP: 70.043-900